000 01092nam a2200229 i 4500
001 73601
003 ES-MaACL
005 20240511063024.0
007 t|
008 040909s1913 sp ||||1| spa d
100 1 _aGómez Ocaña, José,
_d1860-1919
_958079
245 1 0 _aEstudios fisiológicos
_b: (comunicaciones en las reuniones de fisiólogos celebradas en el Instituto Marey en junio de 1911 y mayo de 1912) /
_cpor José Gómez Ocaña.
260 _a[Madrid :
_bJunta para Ampliación de Estudios e Investigaciones Científicas,
_c1913] (
_fImp. de Fortanet)
300 _a24 p., IX h. de lám. ;
_c24 cm.
490 1 _aAnales de la Junta para Ampliación de Estudios e Investigaciones Científicas ;
_vt. 11, memoria 1
650 4 _aFisiología.
_9136120
710 2 _aJunta para la Ampliación de Estudios e Investigaciones Científicas.
_95413
830 0 _aAnales de la Junta para Ampliación de Estudios e Investigaciones Científicas ;
_vt. 11, memoria 1
_9186710
852 _aES-MaACL
_jT-1337-F-3
852 _aES-MaACL
_jB-13167(1)
999 _c73601
_d73601